| 000 | 00620nam a2200205 a 4500 | ||
|---|---|---|---|
| 005 | 20140310183431.0 | ||
| 008 | 080107s19uu xx 00 eng d | ||
| 020 | _a978-0-470-05793-3 | ||
| 050 |
_aHF 5415.1265 _b.D569 2007 |
||
| 100 | _aCarter, Ben, et al. | ||
| 245 |
_aDigital marketing for dummies. _cBen Carter |
||
| 260 |
_aEngland : _bJohn Wiley & Sons, Ltd, _c2007. |
||
| 300 |
_a282 p. : _bill. ; _c24 cm. |
||
| 650 | _aMarketing management. | ||
| 650 |
_aElectronic commerce _xManagement. |
||
| 650 | _aInternet Marketing. | ||
| 650 | _aConsumer behavior. | ||
| 942 |
_cBK _2lcc _kFOR |
||
| 999 |
_c22733 _d22733 |
||